"With the Beatles" album songs quiz - Statistics

General Stats
  • This quiz has been taken 229 times
  • The average score is 11 of 14
Answer Stats
# Song % Correct
3 All My Loving
89%
14 Money (That's What I Want)
83%
8 Roll Over Beethoven
83%
4 Don't Bother Me
81%
7 Please Mr. Postman
81%
1 It Won't Be Long
78%
5 Little Child
76%
6 Till There Was You
76%
11 I Wanna Be Your Man
73%
2 All I've Got to Do
72%
12 Devil in Her Heart
71%
9 Hold Me Tight
68%
10 You Really Got a Hold on Me
64%
13 Not a Second Time
60%
No matching quizzes found
Score Distribution
Percent of People with Each Score
Percentile by Number Answered
Your Score History
You have not taken this quiz